| 000 | 00456nam a22001697a 4500 | ||
|---|---|---|---|
| 003 | OSt | ||
| 005 | 20211122101225.0 | ||
| 008 | 211122b |||||||| |||| 00| 0 eng d | ||
| 020 | _a0-87055-431-x | ||
| 040 | _cHawassa University | ||
| 050 |
_a642.5/THO _b2 |
||
| 082 |
_22 _a642.5/THO _b2 |
||
| 100 |
_aThorner Edward Marvin _919689 |
||
| 245 | _aQuality control in food service | ||
| 260 |
_aUSA _bAVI Publishing Company _c1983 |
||
| 942 |
_2ddc _cBOOKS _n0 |
||
| 999 |
_c19390 _d19390 |
||